An introduction to Digital Techniques (Record no. 197115)
[ view plain ]
| 000 -LEADER | |
|---|---|
| fixed length control field | 00580 a2200169 4500 |
| 003 - CONTROL NUMBER IDENTIFIER | |
| control field | Nust |
| 005 - DATE AND TIME OF LATEST TRANSACTION | |
| control field | 20221130142024.0 |
| 040 ## - CATALOGING SOURCE | |
| Transcribing agency | Nust |
| 082 ## - DEWEY DECIMAL CLASSIFICATION NUMBER | |
| Classification number | 621.3815,THO |
| 100 ## - MAIN ENTRY--PERSONAL NAME | |
| Personal name | Thorn EMI |
| 9 (RLIN) | 103828 |
| 245 ## - TITLE STATEMENT | |
| Title | An introduction to Digital Techniques |
| Statement of responsibility, etc. | Thorn EMI |
| Remainder of title | logic gates,flip-flops,counters and shift registers / |
| 260 ## - PUBLICATION, DISTRIBUTION, ETC. | |
| Place of publication, distribution, etc. | London |
| Name of publisher, distributor, etc. | Macmillan Education ltd |
| Date of publication, distribution, etc. | 1984 |
| 300 ## - PHYSICAL DESCRIPTION | |
| Extent | 103p; |
| 505 ## - FORMATTED CONTENTS NOTE | |
| Formatted contents note | Part 1: Logic Gates (Page-1), Part 2: Flip-Flops (Page-33), Part 3: Counters and Shift registers (Page-65). |
| 650 ## - SUBJECT ADDED ENTRY--TOPICAL TERM | |
| Topical term or geographic name entry element | Telecommunication engineering |
| 942 ## - ADDED ENTRY ELEMENTS (KOHA) | |
| Source of classification or shelving scheme | |
| Koha item type | Book |
| Withdrawn status | Lost status | Source of classification or shelving scheme | Damaged status | Not for loan | Permanent Location | Current Location | Shelving location | Date acquired | Full call number | Barcode | Date last seen | Price effective from | Koha item type | Public note |
|---|---|---|---|---|---|---|---|---|---|---|---|---|---|---|
| Military College of Signals (MCS) | Military College of Signals (MCS) | General Stacks | 12/12/2016 | 621.3815,THO | MCS5714 | 12/08/2016 | 12/12/2016 | Book | Almirah No.33, Shelf No.3 |
